[Event "II Liga SSCS 2015 - Istok"]
[Site "VRNJAČKA BANJA - Hotel "]
[Date "2015.10.08"]
[Round "6.57"]
[White "DUBRAVCIC, Nikola  **"]
[Black "DJORDJEVIC, Miroslav"]
[Result "0-1"]
[WhiteElo "1862"]
[BlackElo "1958"]
[PlyCount "0"]
[EventDate "2015.08.28"]

1.e4 c6 2.Nc3 d5 3.Nf3 dxe4 4.Nxe4 Nf6 5.Nxf6+ exf6 6.Bc4 Bd6
7.Qe2+ Qe7 8.Qxe7+ Kxe7 9.O-O Re8 10.d4 Kf8 11.Bd2 Bg4 12.Rae1
Nd7 13.Re3 Rxe3 14.fxe3 Bh5 15.Bb3 Re8 16.Nh4 Bg6 17.Nf5 Bxf5
18.Rxf5 b6 19.Ba4 Rc8 20.Bc3 Ke7 21.e4 g6 22.Rf3 b5 23.Bb3 Bc7
24.Bb4+ Ke8 25.e5 c5 26.e6 fxe6 27.dxc5 a5 28.Bxe6 axb4 29.c6
Bb6+ 30.Kf1 Rxc6 31.Bb3 Ne5 32.Rf4 Bc5 33.Ke2 Rd6 34.Re4 Rd4
35.Re3 Rh4 36.Rf3 0-1

[Event "II Liga SSCS 2015 - Istok"]
[Site "VRNJAČKA BANJA - Hotel "]
[Date "2015.10.08"]
[Round "6.58"]
[White "MILIC, Slobodan"]
[Black "RAJKOVIC, Aleksandar"]
[Result "0-1"]
[WhiteElo "1935"]
[BlackElo "2147"]
[PlyCount "0"]
[EventDate "2015.08.28"]

1.d4 Nf6 2.Nf3 g6 3.g3 Bg7 4.Bg2 O-O 5.O-O d5 6.b3 c5 7.e3 Bg4
8.h3 Bxf3 9.Bxf3 cxd4 10.exd4 Nc6 11.Bb2 Qb6 12.c3 e5 13.dxe5
Nxe5 14.Nd2 Rfd8 15.Qe2 Re8 16.Rfe1 Rac8 17.Qf1 Nxf3+ 18.Nxf3
Ne4 19.Nd4 Nxc3 20.Rxe8+ Rxe8 21.Bxc3 Bxd4 22.Bxd4 Qxd4 23.Rd1
Qc5 24.Qd3 Rd8 25.Rd2 d4 26.h4 Qd5 27.Kh2 h5 28.Kg1 Kg7 29.Rd1
b5 30.b4 Qc4 31.Qd2 d3 32.Rc1 Qd4 33.Rd1 Re8 34.Kf1 Re2 35.Qf4
Qxf4 36.gxf4 Re4 37.a3 Rxf4 38.Rxd3 Rxh4 39.Rd7 a5 40.bxa5 Ra4
41.Ra7 Rxa3 42.Ke2 h4 43.Kf1 g5 44.a6 Kg6 45.Kg2 h3+ 46.Kh2 Rf3
47.Rb7 Rxf2+ 48.Kxh3 Ra2 49.a7 b4 0-1

[Event "II Liga SSCS 2015 - Istok"]
[Site "VRNJAČKA BANJA - Hotel "]
[Date "2015.10.08"]
[Round "6.61"]
[White "BLAGOJEVIC, Vladan"]
[Black "ILIC, Zoran S"]
[Result "0-1"]
[WhiteElo "2136"]
[BlackElo "2278"]
[PlyCount "0"]
[EventDate "2015.08.28"]

1.Nf3 Nf6 2.c4 g6 3.b3 Bg7 4.Bb2 O-O 5.g3 d6 6.d4 Nbd7 7.Bg2
c6 8.O-O Re8 9.Re1 Qc7 10.e4 e5 11.dxe5 dxe5 12.Qc2 Nf8 13.c5
Bg4 14.Nbd2 N6d7 15.h3 Bxf3 16.Nxf3 Qa5 17.Rac1 Ne6 18.Red1 Nexc5
19.Nd2 Qc7 20.Nc4 Ne6 21.Nd6 Red8 22.Nb5 Qb6 23.Na3 Ndf8 24.Nc4
Qc7 25.Ne3 Nd4 26.Qc4 Nfe6 27.Kh2 b5 28.Qf1 Qb6 29.Bc3 a5 30.Kh1
h5 31.f4 Nxb3 32.axb3 Qxe3 33.f5 Rxd1 34.Qxd1 Nd4 35.fxg6 fxg6
36.Bxd4 exd4 37.Rxc6 Qxg3 38.Qf3 Qxf3 39.Bxf3 a4 40.bxa4 bxa4
41.e5 a3 42.Bd5+ Kf8 43.Rc7 Bxe5 44.Rc2 Ra5 45.Ba2 Ke7 46.Kg2
Kd6 47.Kf3 Rc5 48.Rd2 Rc3+ 49.Kg2 Rg3+ 0-1

[Event "II Liga SSCS 2015 - Istok"]
[Site "VRNJAČKA BANJA - Hotel "]
[Date "2015.10.08"]
[Round "6.62"]
[White "NECEVSKI, Aleksandar"]
[Black "RADOVIC, Luka  **"]
[Result "0-1"]
[WhiteElo "2286"]
[BlackElo "2286"]
[PlyCount "0"]
[EventDate "2015.08.28"]

1.d4 Nf6 2.Nf3 g6 3.Nc3 d5 4.h3 Bg7 5.Bf4 O-O 6.e3 c5 7.Be2 Nc6
8.O-O Ne4 9.Na4 c4 10.Nd2 Nd6 11.c3 Bf5 12.g4 Bc8 13.Bf3 Qa5
14.Bxd6 exd6 15.b4 Qb5 16.Nb2 Ne7 17.Qe2 f5 18.a4 Qe8 19.Bg2
Be6 20.f3 Qd7 21.Rae1 Rae8 22.Kh2 Bh6 23.b5 a6 24.Rb1 axb5 25.axb5
Ra8 26.e4 Rae8 27.Rfe1 dxe4 28.fxe4 fxg4 29.hxg4 Bxg4 30.Qxc4+
d5 31.exd5 Qd6+ 0-1

[Event "II Liga SSCS 2015 - Istok"]
[Site "VRNJAČKA BANJA - Hotel "]
[Date "2015.10.08"]
[Round "6.63"]
[White "RADOVIC, Janko  **"]
[Black "BOJKOVIC, Slobodan"]
[Result "1-0"]
[WhiteElo "2270"]
[BlackElo "2213"]
[PlyCount "0"]
[EventDate "2015.08.28"]

1.e4 c5 2.d4 cxd4 3.c3 d3 4.Bxd3 Nc6 5.Nf3 g6 6.O-O Bg7 7.Qe2
d6 8.Rd1 a6 9.Nbd2 Qc7 10.Nc4 b5 11.Ne3 e6 12.a4 b4 13.cxb4 Nxb4
14.Bd2 Qb8 15.Nc4 d5 16.Bxb4 dxc4 17.Ba3 Bf8 18.Bxc4 Bxa3 19.Rxa3
Ne7 20.Rb3 Qf4 21.Qd2 Qxd2 22.Rxd2 Bd7 23.a5 Nc6 24.Rb6 Ke7 25.Bxa6
Rhb8 26.Rxb8 Nxb8 27.Bc4 Rxa5 28.h3 Nc6 29.Nd4 Ra1+ 30.Kh2 Nxd4
31.Rxd4 Bc6 32.f3 Rc1 33.Ba6 Rb1 34.Rd2 Ra1 35.Be2 Ra4 36.Kg3
Rb4 37.Kf2 h5 38.e5 h4 39.Ke3 g5 40.Kd3 Rb5 41.Rc2 Kd7 42.Kc3
Rxe5 43.b4 Bb5 44.Bxb5+ Rxb5 45.Kc4 Kc6 46.Ra2 Rb6 47.Ra5 1-0

[Event "II Liga SSCS 2015 - Istok"]
[Site "VRNJAČKA BANJA - Hotel "]
[Date "2015.10.08"]
[Round "6.64"]
[White "MITROVIC, Darko R"]
[Black "DJURETANOVIC, Ivan"]
[Result "1-0"]
[WhiteElo "2241"]
[BlackElo "2010"]
[PlyCount "0"]
[EventDate "2015.08.28"]

1.e4 e5 2.Nf3 Nc6 3.d4 exd4 4.Nxd4 Nf6 5.Nxc6 bxc6 6.Bd3 Be7
7.O-O O-O 8.b3 d6 9.Bb2 Bg4 10.f3 Be6 11.Nd2 d5 12.e5 Ne8 13.Qe2
Bc5+ 14.Kh1 Qh4 15.f4 Bg4 16.Qe1 Qxe1 17.Raxe1 g6 18.h3 Bd7 19.g4
Ng7 20.Kg2 Rae8 21.Nf3 Ne6 22.Kg3 h6 23.f5 gxf5 24.gxf5 Ng5 25.Nxg5
hxg5 26.h4 gxh4+ 27.Kxh4 f6 28.e6 Re7 29.exd7 Rxd7 30.Kg4 Rg7+
31.Kf3 Kf7 32.Re6 d4 33.Bc4 1-0

[Event "II Liga SSCS 2015 - Istok"]
[Site "VRNJAČKA BANJA - Hotel "]
[Date "2015.10.08"]
[Round "6.65"]
[White "LAZIC, Milan B "]
[Black "PERUNOVIC, Ljubivoje"]
[Result "1/2-1/2"]
[WhiteElo "1990"]
[BlackElo "1863"]
[PlyCount "0"]
[EventDate "2015.08.28"]

1.e4 g6 2.d4 Bg7 3.Nf3 c6 4.Be2 d6 5.O-O Nd7 6.Nc3 e5 7.d5 c5
8.Bg5 Ngf6 9.Nd2 O-O 10.f3 h6 11.Bh4 g5 12.Bf2 Re8 13.Nc4 Nb6
14.Ne3 a6 15.a4 Bd7 16.h4 Nc8 17.hxg5 hxg5 18.Nc4 Bf8 19.Qd2
Nh7 20.g3 Na7 21.Kg2 b5 22.Ne3 b4 23.Ncd1 Nc8 24.Rh1 Bg7 25.b3
Nf8 26.Nb2 Nb6 27.Rag1 a5 28.Rh5 f6 29.Nbc4 Nxc4 30.Nxc4 Bc8
31.Be3 Ba6 32.Kf1 Bxc4 33.Bxc4 Kf7 34.Qg2 Ng6 35.f4 Rh8 36.Rxh8
Qxh8 37.fxg5 fxg5 38.Bxg5 Qh5 39.Qd2 Kg8 40.Be3 Qf3+ 41.Bf2 Qxe4
42.Qe2 1/2-1/2